Sports Quiz

Random Sports or Basketball Quiz
Score 0/10 Timer 06:00
0 Plays Today
Number of games Player % Correct
948Dwayne Wade
100%
593Alonzo Mourning
90.6%
857Udonis Haslem
78.1%
525Mario Chalmers
56.3%
478Glen Rice
53.1%
439Rony Seikaly
43.8%
387Eddie Jones
43.8%
472Grant Long
21.9%
462Bimbo Coles
12.5%
486Keith Askins
0%
Remove Ads.
Support Sporcle.
Get the best of Sporcle when you Go Orange. This ad-free experience offers more features, more stats, and more fun while also helping to support Sporcle. Thank you for becoming a member.

You're not logged in!

Compare scores with friends on all Sporcle quizzes.
OR
Log In

Sporcle TV

Today on Sporcle TV


Watch our educational content, quiz creation guides, and fun videos on Sporcle TV.

Show Comments

Extras

Top Quizzes Today


Score Distribution

Paid Content

Your Account Isn't Verified!

In order to create a playlist on Sporcle, you need to verify the email address you used during registration. Go to your Sporcle Settings to finish the process.

Report this User

Report this user for behavior that violates our Community Guidelines.

Details: